000 00692nam a22001937a 4500
005 20240319111929.0
008 090826t xxu||||| |||| 00| 0 eng d
010 _aENG-139727
020 _a9780071332200
_c275.00
035 _aEN-122259
037 _bDBAD/PUB
082 _a540
245 _aRank Master Chemistry
_bFor IIT-JEE 2012
260 _aNew Delhi
_bTata Mc Graw Hill Education Private Limited
_c2011
270 _a7, West Patel Nagar
_bNew Delhi
_e110008
300 _a403p.
_c27cm(pbk)
500 _aPrevious Government Examinations Question Papers
942 _2ddc
_cEN
_h540
_mMAS
_e1
999 _c201587
_d201587